000 00645nam a2200205 a 4500
001 ASIN1580461549
003 Nust- CAS-E
005 20180118181356.0
008 140305s2005 xxu eng d
020 _a1580461549
020 _a9781580461542
040 _c0
082 _a333.79
_bENE 2005
100 1 _aThompson, Brian J.
245 1 0 _aEnergy; simulation-training; ocean engineering and instrumentation /
_cBrian J. Thompson.
260 _a[S.l.] :
_bUniversity of Rochester Press,
_c2005.
300 _a349 p.
856 4 0 _3Amazon.com
_uhttp://www.amazon.com/exec/obidos/ASIN/1580461549/chopaconline-20
942 _2ddc
_cBK
999 _c355283
_d355283